000 01042nam a2200277Ia 4500
003 OSt
005 20220930092831.0
006 a|||||r|||| 00| 0
007 ta
008 220926b |||||||| |||| 00| 0 eng d
024 _a25171
037 _cTheses
040 _aCRL
_cCRL
_beng
041 _2eng
_aeng
100 _aMittal Pankila
_9549785
110 _aUniversity OF Delhi. Faculty OF Medical Scieces. Department OF Obstetrics and Gynecology
_9549786
245 0 _aEffect of vitamin d supplementation in pregnancy on maternal and neonatal outcome
_b A double blind randomised controlled trial
260 _c2014
650 _aWOMEN - DISEASES
700 _a Dr. Himsweta Srivastava Gu.
_9549787
700 _a Dr. Neeraj Goel Gu.
700 _a Dr. S. V. Madhu Gu.
_9532943
700 _aUniversity OF Delhi. Faculty OF Medical Scieces. Department OF Obstetrics and Gynecology
_9549788
942 _cDIS
_2CC
999 _c884358
_d884358